000 00292nam a22001337a 4500
008 170313b xxu||||| |||| 00| 0 eng d
020 _a000000009690
041 _aeng
080 _210TH
_a591
100 _a7
101 _aSHM
245 _aCOLLEGE ZOOLOGY
_cBOOLOOTIAN, R.A
942 _2udc
_cBK
999 _c7736
_d7736